MARC

LEADER 00000nam0a2200000 4500
001 153816
005 20231031151541.0
010 |a 5283005089 
035 |a (RuTPU)RU\TPU\book\166860 
090 |a 153816 
100 |a 20090217d1988 m y0rusy50 ca 
101 0 |a rus 
102 |a RU 
105 |a a g 001zy 
200 1 |a Крановый электропривод  |e справочник  |f А. Г. Яуре, Е. М. Певзнер 
210 |a Москва  |c Энергоатомиздат  |d 1988 
215 |a 344 с.  |c ил. 
320 |a Библиогр.: с. 338-339. 
320 |a Предметный указатель: с. 340-342. 
610 1 |a электрооборудование 
610 1 |a грузоподъемные машины 
610 1 |a электродвигатели 
610 1 |a электроприводы 
610 1 |a крановое электрооборудование 
610 1 |a контактная аппаратура 
610 1 |a тормозные устройства 
610 1 |a тиристорные преобразователи 
610 1 |a крановые механизмы 
610 1 |a резисторы 
610 1 |a автоматическое регулирование 
610 1 |a расчет 
610 1 |a эксплуатация 
675 |a 621.873.002.5-83(08)  |v 3 
700 1 |a Яуре  |b А. Г.  |g Андрей Григорьевич 
701 1 |a Певзнер  |b Е. М.  |g Ефим Маркович 
801 1 |a RU  |b 63413507  |c 20090217  |g PSBO 
801 2 |a RU  |b 63413507  |c 20100712  |g RCR 
942 |c BK